La Bogotá de los muertos : borraduras y permanencias en el antiguo cementerio de pobres /
Gespeichert in:
| Hauptverfasser: | , , |
|---|---|
| Format: | Elektronisch E-Book |
| Sprache: | Spanisch |
| Veröffentlicht: |
[Bogotá] :
Sello Editorial IDPC,
2023.
|
| Schlagworte: | |
| Online-Zugang: | Digitalia Hispánica |
| Tags: |
Tag hinzufügen
Keine Tags, Fügen Sie den ersten Tag hinzu!
|
MARC
| LEADER | 00000nam a2200000Ii 4500 | ||
|---|---|---|---|
| 001 | DIGIDPC0071 | ||
| 003 | NyNyDIG | ||
| 006 | m o d | ||
| 007 | cr ||||||||||| | ||
| 008 | 240507s2023 ck a ob 000 0 spa d | ||
| 035 | |a (OCoLC)1433996046 | ||
| 040 | |a DGITA |b eng |e rda |e pn |c DGITA | ||
| 020 | |a 9786289585308 |q digital | ||
| 020 | |z 9786289585315 |q impreso | ||
| 043 | |a s-ck--- | ||
| 050 | 1 | 4 | |a GT3320 ebook |
| 245 | 0 | 3 | |a La Bogotá de los muertos : |b borraduras y permanencias en el antiguo cementerio de pobres / |c Ana Margarita Sierra Pinedo, Eloísa Lamilla Guerrero, Javier Ortiz Cassiani. |
| 264 | 1 | |a [Bogotá] : |b Sello Editorial IDPC, |c 2023. | |
| 300 | |a 1 online resource : |b illustrations. | ||
| 336 | |a text |b txt |2 rdacontent | ||
| 337 | |a computer |b c |2 rdamedia | ||
| 338 | |a online resource |b cr |2 rdacarrier | ||
| 347 | |a text file |2 rdaft | ||
| 347 | |b PDF | ||
| 504 | |a Includes bibliographical references. | ||
| 588 | 0 | |a Online resource; title from PDF title page (Digitalia, viewed May 7, 2024) | |
| 650 | 0 | |a Cemeteries |z Colombia. | |
| 651 | 0 | |a Colombia |x Social life and customs. | |
| 700 | 1 | |a Sierra Pinedo, Ana Margarita, |e author. | |
| 700 | 1 | |a Lamilla Guerrero, Eloísa, |e author. | |
| 700 | 1 | |a Ortiz Cassiani, Javier, |e author. | |
| 776 | 0 | 8 | |i Print version: |t Bogotá de los muertos. |d [Bogotá] : Sello Editorial IDPC, 2023 |z 9786289585315 |
| 791 | 2 | |a Digitalia (Firm), |e distributor. | |
| 793 | 0 | |g Digitalia eBook Collection: |a Instituto Distrital de Patrimonio Cultural | |
| 856 | 4 | 0 | |3 Digitalia Hispánica |u https://digitalia.unach.elogim.com/a/137079/ |
| 910 | |a Premium collection: 2024 | ||